Analysis of Sandra M Gilbert and Susan Gubars the madwoman in the attic (Record no. 170224)
[ view plain ]
| 000 -LEADER | |
|---|---|
| fixed length control field | 00787nam a2200229Ia 4500 |
| 003 - CONTROL NUMBER IDENTIFIER | |
| control field | OSt |
| 005 - DATE AND TIME OF LATEST TRANSACTION | |
| control field | 20230425154332.0 |
| 008 - FIXED-LENGTH DATA ELEMENTS--GENERAL INFORMATION | |
| fixed length control field | 210423s2018 xx 000 0 und d |
| 020 ## - INTERNATIONAL STANDARD BOOK NUMBER | |
| International Standard Book Number | 9781912453092 |
| 040 ## - CATALOGING SOURCE | |
| Transcribing agency | AL |
| 041 ## - LANGUAGE CODE | |
| Language code of text/sound track or separate title | eng |
| 082 ## - DEWEY DECIMAL CLASSIFICATION NUMBER | |
| Classification number | 820.9237 |
| Edition number | 23 |
| Item number | POHA |
| 100 ## - MAIN ENTRY--PERSONAL NAME | |
| Personal name | POHL (Rebecca) |
| 9 (RLIN) | 92947 |
| 245 ## - TITLE STATEMENT | |
| Title | Analysis of Sandra M Gilbert and Susan Gubars the madwoman in the attic |
| 245 #4 - TITLE STATEMENT | |
| Remainder of title | The woman writer and the nineteenth-century literary imagination |
| 260 ## - PUBLICATION, DISTRIBUTION, ETC. | |
| Place of publication, distribution, etc. | London |
| Name of publisher, distributor, etc. | Routledge |
| Date of publication, distribution, etc. | 2018 |
| 300 ## - PHYSICAL DESCRIPTION | |
| Extent | 81 |
| Other physical details | PB |
| 365 ## - TRADE PRICE | |
| Price amount | 549.88 |
| Currency code | GBP |
| 650 ## - SUBJECT ADDED ENTRY--TOPICAL TERM | |
| Topical term or geographic name entry element | English Criticism |
| 9 (RLIN) | 92948 |
| 906 ## - LOCAL DATA ELEMENT F, LDF (RLIN) | |
| a | An ; analysis ; attic ; gilbert ; gubar ; Gubars ; imagination ; literary ; m ; madwoman ; nineteenth-century ; s ; sandra ; susan ; woman ; writer |
| 942 ## - ADDED ENTRY ELEMENTS (KOHA) | |
| Source of classification or shelving scheme | Dewey Decimal Classification |
| Koha item type | Book |
| Withdrawn status | Lost status | Damaged status | Not for loan | Collection code | Home library | Current library | Date acquired | Source of acquisition | Cost, normal purchase price | Total Checkouts | Full call number | Barcode | Date last seen | Date last checked out | Price effective from | Koha item type |
|---|---|---|---|---|---|---|---|---|---|---|---|---|---|---|---|---|
| MA English | St Aloysius PG Library | St Aloysius PG Library | 08/08/2019 | Academic Book Distributors | 549.88 | 1 | 820.9237 POHA | PG016726 | 03/31/2026 | 03/21/2026 | 04/26/2021 | Book |